Vocabulaire technique et critique de la philosophie / (رقم التسجيلة. 158828)
[ عرض عادي ]
| 000 -LEADER | |
|---|---|
| fixed length control field | 00896cam a22002531 4500 |
| 008 - FIXED-LENGTH DATA ELEMENTS--GENERAL INFORMATION | |
| fixed length control field | 210126s1968 fr 000 1 fre d |
| 040 ## - CATALOGING SOURCE | |
| Original cataloging agency | EG-GiCUC |
| Language of cataloging | fre |
| Transcribing agency | EG-GiCUC |
| 092 04 - LOCALLY ASSIGNED DEWEY CALL NUMBER (OCLC) | |
| Classification number | 103 |
| Item number | L193 1968 |
| Edition number | 21 |
| 099 ## - LOCAL FREE-TEXT CALL NUMBER (OCLC) | |
| Classification number | 04 |
| -- | 103 L193 1968 |
| 100 1# - MAIN ENTRY--PERSONAL NAME | |
| Personal name | Lalande, Andre{u00B4}, |
| Dates associated with a name | 1867-1963. |
| 245 10 - TITLE STATEMENT | |
| Title | Vocabulaire technique et critique de la philosophie / |
| Statement of responsibility, etc. | par Andrʹe Lalande. |
| 250 ## - EDITION STATEMENT | |
| Edition statement | 10. ed., |
| Remainder of edition statement | rev. et augm. |
| 260 ## - PUBLICATION, DISTRIBUTION, ETC. | |
| Place of publication, distribution, etc. | Paris , |
| Name of publisher, distributor, etc. | Presses Universitaires de France , |
| Date of publication, distribution, etc. | 1968. |
| 300 ## - PHYSICAL DESCRIPTION | |
| Extent | xxviii, 1323 p. ; |
| Dimensions | 25 cm. |
| 500 ## - GENERAL NOTE | |
| General note | At head of title: Sociʹetʹe franca̧ise de philosophie. |
| 650 #0 - SUBJECT ADDED ENTRY--TOPICAL TERM | |
| Topical term or geographic name entry element | Philosophy |
| Form subdivision | Dictionaries |
| General subdivision | French. |
| 700 1# - ADDED ENTRY--PERSONAL NAME | |
| Personal name | Poirier, Rene{u00B4} |
| 710 2# - ADDED ENTRY--CORPORATE NAME | |
| Corporate name or jurisdiction name as entry element | Socie{u00B4}te{u00B4} franca̧ise de philosophie. |
| 902 ## - LOCAL DATA ELEMENT B, LDB (RLIN) | |
| No. of Items | 1 |
| 905 ## - LOCAL DATA ELEMENT E, LDE (RLIN) | |
| Cataloger | hanan |
| Reviser | Cat. |
| 905 ## - LOCAL DATA ELEMENT E, LDE (RLIN) | |
| Cataloger | Jihan |
| Reviser | Rev |
| 942 ## - ADDED ENTRY ELEMENTS (KOHA) | |
| Source of classification or shelving scheme | Dewey Decimal Classification |
| Koha item type | Books |
| Source of classification or shelving scheme | Not for loan | Home library | Current library | Date acquired | Full call number | Barcode | Date last seen | Copy number | Koha item type |
|---|---|---|---|---|---|---|---|---|---|
| Dewey Decimal Classification | المكتبة المركزبة الجديدة - جامعة القاهرة | قاعة الثقاقات الاجنبية - الدور الثالث | 11.02.2024 | 103 L193 1968 Ref Fre. | 01000110204966000 | 05.07.2024 | C.1 | Reference |